Сэлинджер: пер. с англ.

Dades bibliogràfiques
Autor principal: Шилдс Д. Дэвид
Altres autors: Салерно Ш. Шейн
Sumari:Дж. Д. Сэлинджер, автор гениального романа «Над пропастью во ржи», более полувека был одной из самых загадочных фигур мировой литературы. Все попытки выяснить истинную причину его исчезновения из публичной жизни в зените славы терпели неудачи.В результате десятилетнего расследования, занявшего еще три года после смерти самого Сэлинджера, Дэвид Шилдс и Шейн Салерно скрупулезно проследили не только жизненный путь писателя, но и его внутренний, духовный путь. Пытаясь разгадать тайну Сэлинджера, они потратили более 1 миллиона долларов, провели более 200 интервью с людьми на пяти континентах, изучили дневники, свидетельские показания, данные в судах, и документы из частных архивов, добыли редчайшие, ранее никогда не публиковавшиеся фото.Они воссоздали судьбу писателя по крупицам — от юношеских лет и его высадки в первой волне десанта в Нормандии 6 июня 1944 г. до лесов Нью-Гэмпшира, где тот укрылся от мира под сенью религии Веданты, заставившей настоящую семью Сэлинджера конкурировать с вымышленной им семьей Глассов.Искренность и глубина проникновения в личность Сэлинджера позволили Шилдсу и Салерно точно и полно передать личные взгляды гения на любовь, литературу, славу, религию, войну и смерть. Их книга — это фактически автопортрет писателя, который он сам так никогда и не решился показать публике.
Idioma:rus
Publicat: Москва, Эксмо, 2015
Col·lecció:Биография великого человека
Matèries:
Format: MixedMaterials Llibre
KOHA link:https://koha.lib.tpu.ru/cgi-bin/koha/opac-detail.pl?biblionumber=305350

MARC

LEADER 00000nam0a2200000 4500
001 305350
005 20231102001806.0
010 |a 9785699769674 
035 |a (RuTPU)RU\TPU\book\330618 
090 |a 305350 
100 |a 20150925d2015 m y0rusy50 ca 
101 1 |a rus  |c eng 
102 |a RU 
105 |a a z 001zd 
200 1 |a Сэлинджер  |e пер. с англ.  |f Д. Шилдс, Ш. Салерно 
210 |a Москва  |c Эксмо  |d 2015 
215 |a 720 с.  |c ил. 
225 1 |a Биография великого человека 
320 |a Библиогр.: с. 662-707. 
330 |a Дж. Д. Сэлинджер, автор гениального романа «Над пропастью во ржи», более полувека был одной из самых загадочных фигур мировой литературы. Все попытки выяснить истинную причину его исчезновения из публичной жизни в зените славы терпели неудачи.В результате десятилетнего расследования, занявшего еще три года после смерти самого Сэлинджера, Дэвид Шилдс и Шейн Салерно скрупулезно проследили не только жизненный путь писателя, но и его внутренний, духовный путь. Пытаясь разгадать тайну Сэлинджера, они потратили более 1 миллиона долларов, провели более 200 интервью с людьми на пяти континентах, изучили дневники, свидетельские показания, данные в судах, и документы из частных архивов, добыли редчайшие, ранее никогда не публиковавшиеся фото.Они воссоздали судьбу писателя по крупицам — от юношеских лет и его высадки в первой волне десанта в Нормандии 6 июня 1944 г. до лесов Нью-Гэмпшира, где тот укрылся от мира под сенью религии Веданты, заставившей настоящую семью Сэлинджера конкурировать с вымышленной им семьей Глассов.Искренность и глубина проникновения в личность Сэлинджера позволили Шилдсу и Салерно точно и полно передать личные взгляды гения на любовь, литературу, славу, религию, войну и смерть. Их книга — это фактически автопортрет писателя, который он сам так никогда и не решился показать публике. 
600 1 |a Сэлинджер  |b Дж. Д.  |c американский писатель  |f 1919-2010  |g Джером Дэвид  |2 stltpush  |3 (RuTPU)RU\TPU\pers\21602  |9 9097 
606 1 |a Американская литература (англо-язычная литература)  |2 stltpush  |3 (RuTPU)RU\TPU\subj\28887  |9 52349 
610 1 |a жизнь 
610 1 |a творчество 
610 1 |a семья 
610 1 |a встречи 
610 1 |a воспоминания 
610 1 |a автобиографическая проза 
675 |a 82(092)  |v 4 
700 1 |a Шилдс  |b Д.  |g Дэвид 
701 1 |a Салерно  |b Ш.  |g Шейн 
801 1 |a RU  |b 63413507  |c 20150925 
801 2 |a RU  |b 63413507  |c 20151126  |g RCR 
942 |c BK 
959 |a 122/20150924  |d 1  |e 810,00  |f ХФ:1